UM Logo

A reticulated planar transmitter using a three-dimensional rotating magnetic field for free-positioning omnidirectional wireless power transfer / (Record no. 19756)

MARC details
000 -LEADER
fixed length control field 01075nam a22002417a 4500
003 - CONTROL NUMBER IDENTIFIER
control field OSt
005 - DATE AND TIME OF LATEST TRANSACTION
control field 20250930163220.0
008 - FIXED-LENGTH DATA ELEMENTS--GENERAL INFORMATION
fixed length control field 240319b ||||| |||| 00| 0 eng d
040 ## - CATALOGING SOURCE
Transcribing agency 0
082 ## - DEWEY DECIMAL CLASSIFICATION NUMBER
Classification number DPer 621.381 In821 August 2022 v. 37 n. 8
100 ## - MAIN ENTRY--PERSONAL NAME
Personal name Feng, Tianxu.
Relator term author.
9 (RLIN) 55013
245 ## - TITLE STATEMENT
Title A reticulated planar transmitter using a three-dimensional rotating magnetic field for free-positioning omnidirectional wireless power transfer /
Statement of responsibility, etc. Tianxu Feng, Zhiping Zuo, Yue Sun, Xin Dai, Xueying Wu, and Lujing Zhu.
260 ## - PUBLICATION, DISTRIBUTION, ETC. (IMPRINT)
Place of publication, distribution, etc. New York ;
Name of publisher, distributor, etc. The Institute of Electrical and Electronics Engineers, Inc. ,
Date of publication, distribution, etc. August 2022.
300 ## - PHYSICAL DESCRIPTION
Extent Volume 37, pages 9999-10015 :
Other physical details illustration ;
Dimensions 28 cm.
500 ## - GENERAL NOTE
General note IEEE Transitions on Power Electronics, v. 37 n. 8, pages 9999-10015, August 2022.
700 ## - ADDED ENTRY--PERSONAL NAME
Personal name Feng, Tianxu.
Relator term author.
9 (RLIN) 55013
700 ## - ADDED ENTRY--PERSONAL NAME
Personal name Zuo, Zhiping.
Relator term author.
9 (RLIN) 55014
700 ## - ADDED ENTRY--PERSONAL NAME
Personal name Sun, Yue.
Relator term author.
9 (RLIN) 55015
700 ## - ADDED ENTRY--PERSONAL NAME
Personal name Dai, Xin.
Relator term author.
9 (RLIN) 55016
700 ## - ADDED ENTRY--PERSONAL NAME
Personal name Wu, Xueying.
Relator term author.
9 (RLIN) 55017
700 ## - ADDED ENTRY--PERSONAL NAME
Personal name Zhu, Lujing.
Relator term author.
9 (RLIN) 55018
942 ## - ADDED ENTRY ELEMENTS (KOHA)
Source of classification or shelving scheme Dewey Decimal Classification
Koha item type Periodicals
Holdings
Withdrawn status Lost status Source of classification or shelving scheme Damaged status Not for loan Collection code Home library Current library Date acquired Total Checkouts Full call number Date last seen Price effective from Koha item type Public note
    Dewey Decimal Classification     Periodicals UM Digos College - LIC UM Digos College - LIC 03/19/2024   DPer 621.381 In821 August 2022 v. 37 n. 8 03/19/2024 03/19/2024 Periodicals Periodical Article